[Event "KAUPTHING OPEN 2007 B"]
[Site "?"]
[Date "2007.07.08"]
[Round "1.1"]
[White "Scheerer, Daniel"]
[Black "Schartz, Alain"]
[Result "0-1"]
[WhiteElo "1716"]
[BlackElo "2199"]
[PlyCount "92"]
[EventDate "2007.07.18"]

1. e4 c5 2. d4 cxd4 3. c3 Nf6 4. e5 Nd5 5. Nf3 e6 6. cxd4 b6 7. Bd3 Be7 8. Nc3
Nxc3 9. bxc3 Qc7 10. Qc2 Ba6 11. O-O Bxd3 12. Qxd3 d5 13. Bg5 Bxg5 14. Nxg5 h6
15. Nf3 Nd7 16. Rfc1 Rc8 17. Nd2 O-O 18. c4 Rfd8 19. cxd5 Qxc1+ 20. Rxc1 Rxc1+
21. Nf1 exd5 22. e6 fxe6 23. Qe3 Rc6 24. f4 Nf6 25. Ng3 Rdc8 26. h3 h5 27. Qe5
h4 28. Nh5 Nxh5 29. Qxh5 Rf8 30. Qe5 Rf6 31. Qh5 Rc8 32. Qxh4 Rc1+ 33. Kh2 Rf1
34. Qh5 R1xf4 35. Qe8+ Kh7 36. Qh5+ Rh6 37. Qe5 Re4 38. Qc7 Rxd4 39. Qc2+ Re4
40. Qc7 Re2 41. Qxa7 Rg6 42. Qxb6 Rexg2+ 43. Kh1 e5 44. Qb1 e4 45. Qd1 R2g5 46.
a4 e3 0-1

[Event "KAUPTHING OPEN 2007 B"]
[Site "?"]
[Date "2007.07.08"]
[Round "1.2"]
[White "Carrillo, Jesus"]
[Black "Fadil, Hicham"]
[Result "0-1"]
[WhiteElo "2174"]
[BlackElo "1769"]
[PlyCount "66"]
[EventDate "2007.07.18"]

1. e4 c5 2. Nf3 Nc6 3. Nc3 Nf6 4. d4 cxd4 5. Nxd4 e6 6. Ndb5 Bb4 7. Nd6+ Ke7 8.
Nxc8+ Rxc8 9. Bd2 Bxc3 10. Bxc3 Nxe4 11. Bxg7 Rg8 12. Bd4 Qa5+ 13. c3 e5 14.
Be3 d5 15. f3 d4 16. fxe4 dxe3 17. Qd5 Rgd8 18. Qxa5 Nxa5 19. h4 Rd2 20. Rb1
Nc4 21. Rh3 Rxb2 22. Rxb2 Nxb2 23. Rxe3 Nc4 24. Bxc4 Rxc4 25. Kf2 h5 26. g4
hxg4 27. Kg3 Ke6 28. h5 f5 29. exf5+ Kxf5 30. Kh4 e4 31. Rg3 b5 32. Rxg4 e3 33.
Rxc4 e2 0-1

[Event "KAUPTHING OPEN 2007 B"]
[Site "?"]
[Date "2007.07.08"]
[Round "1.3"]
[White "Steil, Raymond"]
[Black "Bakalarz, Leszek"]
[Result "0-1"]
[WhiteElo "1731"]
[BlackElo "2105"]
[PlyCount "66"]
[EventDate "2007.07.18"]

1. d4 Nf6 2. c4 c5 3. d5 e6 4. Nc3 exd5 5. cxd5 d6 6. Bg5 h6 7. Bh4 a6 8. a4
Nbd7 9. Nf3 Qa5 10. Bxf6 Nxf6 11. Nd2 Rb8 12. g3 Qb4 13. Qb3 Qxb3 14. Nxb3 b5
15. axb5 axb5 16. Bg2 b4 17. Na4 Bd7 18. O-O Be7 19. Nd2 Bb5 20. Rfe1 Nd7 21.
b3 Bf6 22. Ra2 Ke7 23. Ne4 Ra8 24. Nxf6 Nxf6 25. Rea1 Ra6 26. Nb2 Rha8 27. Rxa6
Rxa6 28. Rxa6 Bxa6 29. e3 Nd7 30. f4 f5 31. Kf2 Nf6 32. h3 Bb7 33. g4 g6 0-1

[Event "KAUPTHING OPEN 2007 B"]
[Site "?"]
[Date "2007.07.08"]
[Round "1.4"]
[White "Nguyen-Huu, Hoang"]
[Black "Meyer, Mylène"]
[Result "1-0"]
[WhiteElo "2103"]
[BlackElo "1720"]
[PlyCount "118"]
[EventDate "2007.07.18"]

1. c3 d5 2. Qc2 Nf6 3. d3 Bf5 4. Nd2 c6 5. e4 dxe4 6. Nxe4 Nbd7 7. Be2 e6 8.
Bf4 e5 9. Bg3 Qb6 10. Nf3 Bxe4 11. dxe4 Bd6 12. Nd2 Qc7 13. b4 b5 14. O-O O-O
15. Rfc1 a6 16. a4 Qb7 17. Nb3 Rfd8 18. f3 Bc7 19. a5 Bb8 20. c4 Ne8 21. c5 Nf8
22. Rd1 Ne6 23. Bf2 Qe7 24. Be3 Bc7 25. g3 Rxd1+ 26. Rxd1 Rd8 27. Bf1 Qf6 28.
Rxd8 Qxd8 29. Bh3 Nd4 30. Bxd4 exd4 31. Qd3 Qg5 32. Kg2 Qe3 33. Qxe3 dxe3 34.
Nd4 Be5 35. Nxc6 Bc3 36. Kf1 Nc7 37. Ke2 Bd2 38. Kd3 Kf8 39. f4 Ke8 40. Bg4 g6
41. Ke2 Kf8 42. Bd7 Kg7 43. g4 Kf8 44. h4 Kg7 45. g5 Kf8 46. Bg4 Ke8 47. Kd3
Kf8 48. h5 Ke8 49. h6 Kf8 50. f5 Ke8 51. fxg6 fxg6 52. Kd4 Ne6+ 53. Kd5 Nf4+
54. Kd6 e2 55. Bxe2 Nxe2 56. Kc7 Bxg5 57. Kb7 Bxh6 58. Kxa6 Nc3 59. Kb7 g5 1-0

[Event "KAUPTHING OPEN 2007 B"]
[Site "?"]
[Date "2007.07.08"]
[Round "1.5"]
[White "Scholtes, Théo"]
[Black "Nikolaeva, Maria"]
[Result "0-1"]
[WhiteElo "1765"]
[BlackElo "2091"]
[PlyCount "72"]
[EventDate "2007.07.18"]

1. b3 d5 2. Bb2 Nc6 3. Nf3 Bg4 4. e3 e5 5. Be2 e4 6. Nd4 Bxe2 7. Nxc6 Bxd1 8.
Nxd8 Bxc2 9. Nxb7 Nf6 10. Ba3 Bxb1 11. Bxf8 Kxf8 12. Rxb1 Ke7 13. Ke2 Rab8 14.
Na5 Rb6 15. Rhc1 Kd6 16. Rc2 Nd7 17. Rbc1 c5 18. d4 exd3+ 19. Kxd3 Rb5 20. b4
Rxb4 21. Kc3 Rhb8 22. Nb3 Rc4+ 23. Kd2 Rxc2+ 24. Rxc2 Ne5 25. h3 Nc4+ 26. Kc3
Na3 27. Rc1 Nb5+ 28. Kd2 c4 29. Na1 Na3 30. Kc3 a5 31. Rd1 Kc5 32. Rc1 a4 33.
Rd1 Nb5+ 34. Kd2 Nd6 35. Kc2 Ne4 36. Rd4 a3 0-1

[Event "KAUPTHING OPEN 2007 B"]
[Site "?"]
[Date "2007.07.08"]
[Round "1.6"]
[White "Lobzhanidze, Anna"]
[Black "Salentiny, Eric"]
[Result "1/2-1/2"]
[WhiteElo "2086"]
[BlackElo "1708"]
[PlyCount "85"]
[EventDate "2007.07.18"]

1. e4 c5 2. Nf3 Nc6 3. d4 cxd4 4. Nxd4 e6 5. Be3 g6 6. Nc3 Bg7 7. Ndb5 Be5 8.
Nd6+ Bxd6 9. Qxd6 a6 10. O-O-O Qe7 11. Be2 b5 12. Bf3 Qxd6 13. Rxd6 Ne5 14. Be2
f6 15. Bc5 Bb7 16. Rhd1 Bc6 17. f4 Nf7 18. R6d2 Rb8 19. Bf3 Rb7 20. Ne2 e5 21.
fxe5 fxe5 22. Nc3 Nf6 23. Rf2 b4 24. Be2 bxc3 25. Rxf6 Bxe4 26. Bc4 cxb2+ 27.
Kb1 Ng5 28. Rdf1 Bf5 29. Rxa6 Rb8 30. Bd5 Rc8 31. Ra5 Be4 32. Bb3 Bxg2 33. Re1
Be4 34. Bd6 Bf3 35. Raxe5+ Ne6 36. Kxb2 Kf7 37. Rf1 Rc6 38. Bb4 Kf6 39. Rd5 Rd8
40. Ba5 Rb8 41. c3 Rc5 42. Rxc5 Nxc5 43. Ka3 1/2-1/2

[Event "KAUPTHING OPEN 2007 B"]
[Site "?"]
[Date "2007.07.08"]
[Round "1.7"]
[White "Bariani, Sébastien"]
[Black "Vignale, Stéphane"]
[Result "0-1"]
[WhiteElo "1700"]
[BlackElo "2086"]
[PlyCount "47"]
[EventDate "2007.07.18"]

1. e4 d5 2. exd5 Qxd5 3. Nc3 Qa5 4. d4 c6 5. Nf3 Nf6 6. Be2 Bf5 7. O-O e6 8.
Bd2 Nbd7 9. h3 Qc7 10. Re1 h6 11. Bc4 Bd6 12. Nh4 Bh7 13. Rc1 O-O 14. g4 Qb6
15. Bb3 Qxd4 16. Be3 Qxd1 17. Rcxd1 Bb4 18. Bd2 Nc5 19. f4 Nxb3 20. cxb3 Bc2
21. Rc1 Bd3 22. Ne4 Bxd2 23. Nxd2 Rfd8 24. Nhf3 0-1

[Event "KAUPTHING OPEN 2007 B"]
[Site "?"]
[Date "2007.07.08"]
[Round "1.8"]
[White "Henrichs, Wenke"]
[Black "Marchal, Roger"]
[Result "1-0"]
[WhiteElo "2079"]
[BlackElo "1682"]
[PlyCount "139"]
[EventDate "2007.07.18"]

1. d4 Nf6 2. c4 e6 3. Nc3 d5 4. cxd5 exd5 5. Bg5 Be7 6. e3 Bf5 7. Qb3 b6 8.
Bxf6 Bxf6 9. Qxd5 Qxd5 10. Nxd5 Bd8 11. Rc1 c6 12. Nc3 O-O 13. Nf3 Re8 14. Be2
Nd7 15. O-O Bf6 16. Rfd1 Rad8 17. h3 Nb8 18. Nh2 g6 19. Bf3 Be6 20. Nf1 Bg7 21.
b3 Bc8 22. Ng3 Re6 23. d5 cxd5 24. Nxd5 Kf8 25. Nf4 Rxd1+ 26. Bxd1 Re8 27. Rc7
Be5 28. Rc1 Bxf4 29. exf4 Re1+ 30. Kh2 Ba6 31. f5 Kg7 32. fxg6 hxg6 33. h4 Nd7
34. h5 Nc5 35. hxg6 fxg6 36. b4 Ne6 37. Rc6 Rxd1 38. Rxe6 Kf7 39. Re3 Bc4 40.
a3 Ra1 41. Ne4 b5 42. Kg3 Rd1 43. Kf4 Kg7 44. g4 Rd8 45. Nc5 Rf8+ 46. Kg3 Ra8
47. Na6 Rf8 48. Re7+ Rf7 49. Re5 Kf6 50. Rc5 Rd7 51. Rc6+ Kg7 52. Nc5 Rf7 53.
Rd6 Rf6 54. Rd8 Rf7 55. f4 Re7 56. Rd7 Kf7 57. Rxe7+ Kxe7 58. Kf3 Kf6 59. Ke3
Bd5 60. Kd4 Bf3 61. Nd7+ Kg7 62. Ne5 Be2 63. Kd5 Kf6 64. Kd6 g5 65. Nd7+ Kf7
66. fxg5 Kg6 67. Ne5+ Kxg5 68. Nc6 Kxg4 69. Nxa7 Kf4 70. Kc5 1-0

[Event "KAUPTHING OPEN 2007 B"]
[Site "?"]
[Date "2007.07.08"]
[Round "1.9"]
[White "Jouanny, Sebastien"]
[Black "Dubois, Martine"]
[Result "1/2-1/2"]
[WhiteElo "1681"]
[BlackElo "2073"]
[PlyCount "81"]
[EventDate "2007.07.18"]

1. d4 Nf6 2. c4 e5 3. dxe5 Ng4 4. e3 Nxe5 5. Nh3 d6 6. Nf4 g5 7. Nd5 Bg7 8. Be2
c6 9. Ndc3 Be6 10. Nd2 Na6 11. a3 Nc7 12. O-O g4 13. Qc2 h5 14. Rd1 f5 15. f4
Ng6 16. Nb3 O-O 17. Nc5 Bc8 18. Nb3 Qe7 19. Nd4 Be6 20. Bd3 Nh4 21. Nce2 d5 22.
Nxe6 Qxe6 23. cxd5 cxd5 24. Bc4 Kh8 25. Bxd5 Nxd5 26. Qd3 Rad8 27. Ng3 Qe8 28.
Rb1 Rd7 29. b4 a6 30. Bb2 Bxb2 31. Rxb2 Qf7 32. Rbd2 Rfd8 33. Qd4+ Kh7 34. e4
fxe4 35. Nxe4 Kh6 36. Qf6+ Qxf6 37. Nxf6 Rd6 38. Rxd5 Nf5 39. Rxd6 Rxd6 40.
Rxd6 Nxd6 41. Nd7 1/2-1/2

[Event "KAUPTHING OPEN 2007 B"]
[Site "?"]
[Date "2007.07.08"]
[Round "1.10"]
[White "Morozova, Julia"]
[Black "Schneider, Rafael"]
[Result "1-0"]
[WhiteElo "2073"]
[BlackElo "1807"]
[PlyCount "48"]
[EventDate "2007.07.18"]

1. d4 Nf6 2. Nf3 g6 3. c4 Bg7 4. Nc3 d6 5. g3 O-O 6. Bg2 Nh5 7. O-O c6 8. e4 e5
9. dxe5 dxe5 10. Qe2 Qe7 11. b3 f5 12. a4 f4 13. Ba3 c5 14. Nd5 Qd6 15. Rad1
fxg3 16. fxg3 b6 17. Ng5 Rxf1+ 18. Qxf1 Nf6 19. Bb2 Nc6 20. Nxb6 Qxd1 21. Qxd1
axb6 22. Qd6 Nd4 23. Bxd4 exd4 24. e5 Ne8 1-0

[Event "KAUPTHING OPEN 2007 B"]
[Site "?"]
[Date "2007.07.08"]
[Round "1.11"]
[White "Korman, Ewgenija"]
[Black "Bakalarz, Grazyna"]
[Result "1/2-1/2"]
[WhiteElo "1661"]
[BlackElo "2060"]
[PlyCount "59"]
[EventDate "2007.07.18"]

1. e4 g6 2. Nf3 Bg7 3. d4 c6 4. c3 d5 5. Bd3 dxe4 6. Bxe4 Nf6 7. Bc2 O-O 8. O-O
Bg4 9. Nbd2 h6 10. h3 Be6 11. Qe2 Nh5 12. Ne4 Na6 13. Re1 Re8 14. Ng3 Nxg3 15.
fxg3 Bd5 16. Ne5 c5 17. Ba4 cxd4 18. Bxe8 Qxe8 19. cxd4 Rc8 20. a3 Qa4 21. Qd1
Bb3 22. Qd3 Rd8 23. Nf3 Nc5 24. Qc3 Ne6 25. Be3 a5 26. Rac1 Bd5 27. Qc2 Qb5 28.
Qe2 Qa4 29. Qc2 Qb5 30. Qe2 1/2-1/2

[Event "KAUPTHING OPEN 2007 B"]
[Site "?"]
[Date "2007.07.08"]
[Round "1.12"]
[White "Berens, Thomas"]
[Black "Adami, Eric"]
[Result "1-0"]
[WhiteElo "2032"]
[BlackElo "1653"]
[PlyCount "93"]
[EventDate "2007.07.18"]

1. d4 Nf6 2. Nf3 g6 3. c4 Bg7 4. Nc3 d6 5. e3 O-O 6. Be2 Nbd7 7. O-O c5 8. b3
Re8 9. Bb2 a6 10. Qc2 Nf8 11. Rfd1 Qc7 12. Rac1 Bd7 13. e4 Rad8 14. h3 Bc6 15.
Nd5 Bxd5 16. cxd5 N8d7 17. b4 Rc8 18. dxc5 dxc5 19. e5 Nh5 20. Qe4 f5 21. Qe3
Qb6 22. Bc4 f4 23. Qe4 cxb4 24. d6+ e6 25. Bxe6+ Rxe6 26. Rxc8+ Bf8 27. Qd5 Ng7
28. Ng5 Qb5 29. Qxb5 axb5 30. Nxe6 Nxe6 31. Rc7 Ndc5 32. Bd4 b6 33. Bxc5 bxc5
34. d7 Nd8 35. Rc8 Be7 36. Rd5 Kf7 37. Rxd8 Bxd8 38. Rxc5 Ke6 39. Rxb5 Kxd7 40.
Rxb4 Ke6 41. Rxf4 Kxe5 42. Rc4 Kd5 43. Rc8 Bf6 44. a4 Bd4 45. a5 Ke6 46. a6 Kd7
47. Rh8 1-0

[Event "KAUPTHING OPEN 2007 B"]
[Site "?"]
[Date "2007.07.08"]
[Round "1.13"]
[White "Geschwindt, Gilbert"]
[Black "Baillard, Marc"]
[Result "1/2-1/2"]
[WhiteElo "1649"]
[BlackElo "2001"]
[PlyCount "150"]
[EventDate "2007.07.18"]

1. e4 c5 2. Nf3 d6 3. d4 cxd4 4. Nxd4 Nf6 5. Nc3 a6 6. g3 b5 7. Bg2 Bb7 8. Nde2
e6 9. a3 Be7 10. O-O Nbd7 11. Bg5 Qc7 12. Re1 Rc8 13. Rc1 h6 14. Bf4 Nc5 15. f3
Ncd7 16. Be3 Ne5 17. Bd4 Nc4 18. Nb1 d5 19. exd5 Bxd5 20. Nf4 Rd8 21. b3 Nb6
22. Bxf6 Bxf6 23. Nxd5 Nxd5 24. Qe2 Nc3 25. Nxc3 Bxc3 26. Red1 O-O 27. a4 Qb6+
28. Kh1 Rc8 29. axb5 axb5 30. Rd7 Rfd8 31. Rcd1 Rxd7 32. Rxd7 b4 33. Bf1 Qc6
34. Qd1 Bf6 35. Bc4 Ra8 36. Kg2 Qc5 37. Qe2 Ra1 38. Rd1 Ra2 39. Qe4 Qe7 40. Bd3
g6 41. Qc6 Ra7 42. Re1 Rc7 43. Qa8+ Kg7 44. Qe4 h5 45. Bc4 Rc5 46. Qd3 h4 47.
Rd1 Qc7 48. Qd7 Qe5 49. Qd6 Qf5 50. Rd2 h3+ 51. Kf2 Bc3 52. Re2 Re5 53. Rxe5
Bxe5 54. Qd3 Qf6 55. Qe4 Bd4+ 56. Kf1 Bc5 57. f4 Qa1+ 58. Qe1 Qd4 59. Qe5+ Qxe5
60. fxe5 Bd4 61. Ke2 Bxe5 62. Kf3 Kh6 63. Bf1 Kg5 64. Bxh3 f5 65. Kg2 Bd4 66.
Kf3 e5 67. Bf1 e4+ 68. Kg2 f4 69. gxf4+ Kxf4 70. Bc4 g5 71. Kf1 Ke3 72. Ke1
Bc3+ 73. Kd1 Kf2 74. h3 Ke3 75. Be6 Kf2 1/2-1/2

[Event "KAUPTHING OPEN 2007 B"]
[Site "?"]
[Date "2007.07.08"]
[Round "1.14"]
[White "Ortartchiev, Gadji"]
[Black "Ferri, Doriano"]
[Result "0-1"]
[WhiteElo "1992"]
[BlackElo "1646"]
[PlyCount "88"]
[EventDate "2007.07.18"]

1. c4 c5 2. Nf3 Nf6 3. Nc3 Nc6 4. g3 g6 5. Bg2 Bg7 6. O-O O-O 7. d4 Qb6 8. Na4
Qa6 9. d5 Nd4 10. Nxd4 cxd4 11. b3 e6 12. Ba3 Re8 13. d6 Rb8 14. c5 b5 15. cxb6
axb6 16. Bb4 Bb7 17. Bxb7 Qxb7 18. Rc1 Nd5 19. Qd2 Rec8 20. e3 dxe3 21. fxe3
Bh6 22. Rce1 Rc6 23. Ba3 Rbc8 24. Qf2 f5 25. e4 Nf6 26. exf5 Rc2 27. Qf3 Qxf3
28. Rxf3 gxf5 29. Nxb6 R8c6 30. Nc4 Rxa2 31. Rf2 Rxf2 32. Kxf2 Ne4+ 33. Ke2 Bf8
34. Ne5 Ra6 35. Bb4 Ra7 36. Rc1 Bxd6 37. Bxd6 Nxd6 38. Rd1 Ra6 39. Nxd7 Ne4 40.
Kf3 Kf7 41. Kf4 Ra2 42. Ne5+ Kf6 43. Rd7 Rf2+ 44. Nf3 Ng5 0-1

[Event "KAUPTHING OPEN 2007 B"]
[Site "?"]
[Date "2007.07.08"]
[Round "1.15"]
[White "Steffen, Robert"]
[Black "Parreira, Luis Miguel"]
[Result "0-1"]
[WhiteElo "1552"]
[BlackElo "1969"]
[PlyCount "50"]
[EventDate "2007.07.18"]

1. e4 e6 2. d4 d5 3. e5 c5 4. c3 Nc6 5. Nf3 Qb6 6. a3 Bd7 7. Nbd2 cxd4 8. cxd4
Nxd4 9. Nxd4 Qxd4 10. Nf3 Qxd1+ 11. Kxd1 Ne7 12. Bd3 Nc6 13. Be3 g6 14. Ke2 Bg7
15. Bd4 Nxd4+ 16. Nxd4 Bxe5 17. Nf3 Bg7 18. Rac1 Bc6 19. Rc2 Kd7 20. Rhc1 Rac8
21. g4 Ba4 22. Rxc8 Rxc8 23. Rxc8 Kxc8 24. g5 Bxb2 25. h4 Kd7 0-1

[Event "KAUPTHING OPEN 2007 B"]
[Site "?"]
[Date "2007.07.08"]
[Round "1.16"]
[White "Weller, Werner"]
[Black "Boyarchenko, Alexander Sr"]
[Result "1/2-1/2"]
[WhiteElo "1967"]
[BlackElo "1544"]
[PlyCount "87"]
[EventDate "2007.07.18"]

1. d4 d5 2. Nf3 Nf6 3. c4 Bf5 4. Nc3 c5 5. e3 a6 6. a3 Nc6 7. b3 Qa5 8. Bd2 Qc7
9. cxd5 cxd4 10. dxc6 dxc3 11. Bxc3 Rd8 12. Qc1 Qxc6 13. Nd4 Qd7 14. Nxf5 Qxf5
15. f3 g6 16. Qb1 Qe6 17. e4 Bg7 18. Bc4 Qb6 19. Qc1 O-O 20. Ra2 Rd7 21. Rd2
Qe3+ 22. Be2 Rfd8 23. Qc2 Bh6 24. Rxd7 Rxd7 25. Bxf6 Rd2 26. Qc8+ Bf8 27. Qc4
exf6 28. a4 a5 29. g3 Bb4 30. Kf1 Rb2 31. Qd3 Rxb3 32. Qxe3 Rxe3 33. Kf2 Bc5
34. Kf1 Ra3 35. Bd1 Ra2 36. h4 Rf2+ 37. Ke1 Rg2 38. Rh3 Rg1+ 39. Ke2 Bd6 40. f4
Kg7 41. Bb3 Bxf4 42. Bc4 Rc1 43. Bb5 Rc3 44. Rh1 1/2-1/2

[Event "KAUPTHING OPEN 2007 B"]
[Site "?"]
[Date "2007.07.08"]
[Round "1.17"]
[White "Poscic, Mark"]
[Black "Hoefer, Ulrich"]
[Result "0-1"]
[WhiteElo "1592"]
[BlackElo "1940"]
[PlyCount "54"]
[EventDate "2007.07.18"]

1. e4 c5 2. Nf3 d6 3. Bc4 e6 4. d4 cxd4 5. Nxd4 Nf6 6. Nc3 a6 7. a3 Be7 8. O-O
O-O 9. Nf3 Nc6 10. Be3 Qc7 11. Qe2 b5 12. Ba2 Bb7 13. Rad1 Rac8 14. Rd2 Na5 15.
Ng5 Nc4 16. Bxc4 Qxc4 17. Qxc4 Rxc4 18. f3 Rfc8 19. Rd4 h6 20. Nh3 Kf8 21. Rfd1
Ke8 22. Nf2 Nd7 23. f4 e5 24. fxe5 Nxe5 25. Bf4 Rxd4 26. Rxd4 Nc4 27. Bc1 Nxa3
0-1

[Event "KAUPTHING OPEN 2007 B"]
[Site "?"]
[Date "2007.07.08"]
[Round "1.18"]
[White "Birtz, Claude"]
[Black "Schuster, Tom"]
[Result "1/2-1/2"]
[WhiteElo "1936"]
[BlackElo "1528"]
[PlyCount "41"]
[EventDate "2007.07.18"]

1. d4 d5 2. c4 c6 3. Nc3 Nf6 4. Bf4 a6 5. e3 Bf5 6. Nf3 e6 7. Be2 Bd6 8. Ne5
O-O 9. O-O h6 10. h3 Bc7 11. Qb3 Qc8 12. Na4 Nbd7 13. Nxd7 Nxd7 14. Bxc7 Qxc7
15. c5 Rab8 16. Rac1 Rfc8 17. Rfd1 e5 18. Bg4 Bxg4 19. hxg4 exd4 20. exd4 Qf4
21. Qf3 1/2-1/2

[Event "KAUPTHING OPEN 2007 B"]
[Site "?"]
[Date "2007.07.08"]
[Round "1.19"]
[White "Mahan, James Robert"]
[Black "Wagener, Christophe"]
[Result "0-1"]
[WhiteElo "1514"]
[BlackElo "1930"]
[PlyCount "134"]
[EventDate "2007.07.18"]

1. d4 Nf6 2. Nf3 e6 3. e3 b6 4. Bd3 Bb7 5. Nbd2 Be7 6. O-O O-O 7. Re1 d6 8. e4
Nbd7 9. Qe2 c5 10. c3 Rc8 11. Ba6 Bxa6 12. Qxa6 Qc7 13. a4 Nb8 14. Qc4 d5 15.
Qe2 dxe4 16. Nxe4 cxd4 17. Nxd4 Nbd7 18. Nb5 Qb8 19. Rd1 Nc5 20. Nxf6+ Bxf6 21.
Qc4 Rfd8 22. Rxd8+ Rxd8 23. Be3 Nb7 24. Re1 Nd6 25. Nxd6 Qxd6 26. Qa6 Qc7 27.
Qe2 Qd7 28. Qb5 Qb7 29. a5 h6 30. axb6 axb6 31. Qxb6 Qxb6 32. Bxb6 Rb8 33. Bd4
Bxd4 34. cxd4 Rxb2 35. Rd1 Kf8 36. Kf1 Ke7 37. Ke1 Kd6 38. Rd2 Rb1+ 39. Ke2 Kd5
40. f3 g6 41. h3 Kc4 42. Ke3 Rb3+ 43. Ke4 f5+ 44. Ke5 Re3+ 45. Kf4 Re1 46. h4
Kc3 47. Ra2 Kxd4 48. Ra4+ Kd3 49. Ra3+ Kd4 50. Ra4+ Kd5 51. Ra7 e5+ 52. Kg3 Rc1
53. Rd7+ Ke6 54. Rd8 Rc6 55. Rg8 Kd5 56. Ra8 e4 57. Rd8+ Ke5 58. Re8+ Re6 59.
Rxe6+ Kxe6 60. fxe4 fxe4 61. Kf4 Kd5 62. Ke3 Ke5 63. g4 g5 64. h5 Kd5 65. Kd2
Kd4 66. Ke2 e3 67. Kd1 Kd3 0-1

[Event "KAUPTHING OPEN 2007 B"]
[Site "?"]
[Date "2007.07.08"]
[Round "1.20"]
[White "Solaroli, Riccardo"]
[Black "Kessler, Lucien"]
[Result "1-0"]
[WhiteElo "1929"]
[BlackElo "1553"]
[PlyCount "73"]
[EventDate "2007.07.18"]

1. e4 d5 2. exd5 Nf6 3. d4 Nxd5 4. Nf3 Bf5 5. c4 Nb6 6. Nc3 Nc6 7. a3 e6 8. c5
Nd7 9. b4 a6 10. Bc4 Nf6 11. O-O Be7 12. Bb2 O-O 13. Qb3 b5 14. cxb6 cxb6 15.
d5 exd5 16. Nxd5 b5 17. Nxe7+ Qxe7 18. Bxf6 Qxf6 19. Bd5 Rac8 20. Rac1 Ne7 21.
Rc5 Nxd5 22. Qxd5 Be6 23. Qd6 Rfd8 24. Qxa6 Ra8 25. Qxb5 Rxa3 26. Rfc1 Rad3 27.
Re1 Qg6 28. Ne5 Rd1 29. Rc1 Rxe1+ 30. Rxe1 Qc2 31. h3 h6 32. Qc5 Qf5 33. Nc6
Qxc5 34. bxc5 Re8 35. Rc1 Kf8 36. Na7 Ra8 37. Nb5 1-0

[Event "KAUPTHING OPEN 2007 B"]
[Site "?"]
[Date "2007.07.08"]
[Round "1.21"]
[White "Pinheiro, Philippe"]
[Black "Schweitzer, Marc"]
[Result "0-1"]
[WhiteElo "1540"]
[BlackElo "1912"]
[PlyCount "77"]
[EventDate "2007.07.18"]

1. d4 Nf6 2. c4 e6 3. Nf3 d5 4. Nc3 c6 5. e3 Be7 6. Bd3 a6 7. cxd5 cxd5 8. O-O
O-O 9. Qc2 Nc6 10. a3 Bd7 11. b4 b5 12. Ne5 Rc8 13. Nxd7 Qxd7 14. Bb2 h6 15.
Rac1 Qb7 16. h3 Nd7 17. Qd1 Nb6 18. Ra1 Nc4 19. Bc1 Bf6 20. Qg4 Ne7 21. Ne2 e5
22. Bb1 e4 23. Ng3 Rc6 24. Nh5 Qc8 25. Nxf6+ Rxf6 26. Qxc8 Rxc8 27. a4 Rfc6 28.
axb5 axb5 29. Ra7 R6c7 30. Rxc7 Rxc7 31. f3 exf3 32. Rxf3 Nc6 33. Rg3 Nxb4 34.
e4 Kf8 35. Rb3 Nc6 36. Bf4 Rb7 37. exd5 Nxd4 38. Rf3 Nxf3+ 39. gxf3 0-1

[Event "KAUPTHING OPEN 2007 B"]
[Site "?"]
[Date "2007.07.08"]
[Round "1.22"]
[White "Buchholtz, Léon"]
[Black "Meisch, Jean-Paul"]
[Result "1-0"]
[WhiteElo "1905"]
[BlackElo "1456"]
[PlyCount "37"]
[EventDate "2007.07.18"]

1. d4 d5 2. c4 e6 3. Nc3 Bb4 4. Nf3 Nc6 5. e3 Nf6 6. Bd3 dxc4 7. Bxc4 Ne4 8.
Qc2 Ng5 9. Nd2 f6 10. d5 Na5 11. Qa4+ c6 12. Qxb4 exd5 13. Bd3 b6 14. O-O c5
15. Bb5+ Bd7 16. Qa4 Nc4 17. Nxc4 dxc4 18. Rd1 O-O 19. Rxd7 1-0

[Event "KAUPTHING OPEN 2007 B"]
[Site "?"]
[Date "2007.07.08"]
[Round "1.23"]
[White "Hoefer, Michael"]
[Black "Pletsch, Claude"]
[Result "0-1"]
[WhiteElo "1423"]
[BlackElo "1903"]
[PlyCount "22"]
[EventDate "2007.07.18"]

1. e4 c5 2. Nf3 d6 3. d4 cxd4 4. Nxd4 Nc6 5. Nc3 g6 6. Be3 Bg7 7. Bc4 Nf6 8.
O-O O-O 9. h3 Bd7 10. Kh1 Qc8 11. Kh2 Nxd4 0-1

[Event "KAUPTHING OPEN 2007 B"]
[Site "?"]
[Date "2007.07.08"]
[Round "1.24"]
[White "Duenzel, Jonas"]
[Black "Gambucci, Daniela"]
[Result "1-0"]
[WhiteElo "1900"]
[BlackElo "1377"]
[PlyCount "59"]
[EventDate "2007.07.18"]

1. e4 d6 2. d4 c6 3. Nc3 Nd7 4. Be3 e5 5. f3 g6 6. Qd2 Bg7 7. O-O-O b5 8. d5
Qc7 9. dxc6 Qxc6 10. Bxb5 Qc7 11. Qxd6 Qxd6 12. Rxd6 Bh6 13. Bxh6 Nxh6 14. Nd5
Rb8 15. Bxd7+ Bxd7 16. Nf6+ Ke7 17. Rxd7+ Kxf6 18. Rxa7 Rhd8 19. Ne2 Rd6 20.
Nc3 Ng8 21. Nd5+ Ke6 22. Rd1 Rbd8 23. c4 h5 24. b4 R8d7 25. Rxd7 Rxd7 26. c5
Ne7 27. Nxe7 Rxd1+ 28. Kxd1 Kxe7 29. b5 Kd7 30. a4 1-0

[Event "KAUPTHING OPEN 2007 B"]
[Site "?"]
[Date "2007.07.08"]
[Round "1.25"]
[White "Kasparova, Eva"]
[Black "Marchal, Chantal"]
[Result "0-1"]
[WhiteElo "1400"]
[BlackElo "1884"]
[PlyCount "56"]
[EventDate "2007.07.18"]

1. c4 Nf6 2. Nc3 g6 3. d4 Bg7 4. g3 O-O 5. Bg2 d6 6. Nf3 c5 7. dxc5 dxc5 8. O-O
Nc6 9. b3 Ne4 10. Nxe4 Bxa1 11. Nxc5 Qxd1 12. Rxd1 Rd8 13. Rxd8+ Nxd8 14. Ba3
Rb8 15. Nd3 Nc6 16. Nd2 Bf6 17. Ne4 Be6 18. Nxf6+ exf6 19. Bxc6 bxc6 20. f4 h5
21. Kg2 a5 22. Nc5 Rd8 23. Bb2 Rd2 24. Nxe6 Rxe2+ 25. Kh3 fxe6 26. Bxf6 Rxa2
27. Bc3 Ra3 28. Kh4 a4 0-1

[Event "KAUPTHING OPEN 2007 B"]
[Site "?"]
[Date "2007.07.08"]
[Round "1.26"]
[White "Lockwood, William"]
[Black "Donini, Carlo"]
[Result "1-0"]
[WhiteElo "1882"]
[BlackElo "1347"]
[PlyCount "64"]
[EventDate "2007.07.18"]

1. d4 c5 2. d5 d6 3. c4 Bd7 4. e4 g6 5. Nc3 Bg7 6. Nf3 a6 7. a4 Nf6 8. Be2 O-O
9. h3 Be8 10. O-O Nfd7 11. Bf4 e6 12. Bxd6 exd5 13. Bxf8 Kxf8 14. Nxd5 Nb6 15.
Qc2 Qd6 16. Rad1 Nxd5 17. Rxd5 Qe7 18. Rfd1 Nc6 19. Qb1 Nb4 20. R5d2 Bh6 21.
Rd6 Bxa4 22. b3 Bc6 23. Qb2 Bg7 24. Qd2 Re8 25. e5 Bxf3 26. Bxf3 Bxe5 27. Rd7
Qe6 28. Rxb7 Bd4 29. Rxb4 Bxf2+ 30. Kxf2 cxb4 31. Qxb4+ Re7 32. Re1 Qf6 1-0

[Event "KAUPTHING OPEN 2007 B"]
[Site "?"]
[Date "2007.07.08"]
[Round "1.27"]
[White "Jagiello, Robert"]
[Black "Ludewig, Robert"]
[Result "0-1"]
[WhiteElo "1292"]
[BlackElo "1910"]
[PlyCount "72"]
[EventDate "2007.07.18"]

1. e4 e5 2. Nf3 Nc6 3. Bc4 Bc5 4. c3 Qe7 5. O-O d6 6. d4 Bb6 7. Bg5 Nf6 8. Re1
Bg4 9. d5 Nb8 10. Nbd2 Nbd7 11. Qe2 h6 12. Bxf6 Nxf6 13. h3 Bd7 14. a4 a6 15.
a5 Ba7 16. Nf1 Nh5 17. N3h2 Nf4 18. Qf3 O-O 19. Ne3 Qg5 20. Qg3 Qxg3 21. fxg3
f5 22. Kf1 Nh5 23. exf5 Nxg3+ 24. Kf2 Nxf5 25. Nf3 Bxe3+ 26. Rxe3 Nxe3 27. Kxe3
g5 28. g4 Rf4 29. Bd3 c6 30. c4 cxd5 31. cxd5 Rc8 32. Rf1 e4 33. Bxe4 Re8 34.
Nd2 Rexe4+ 35. Nxe4 Rxf1 36. Nf6+ Rxf6 0-1

[Event "KAUPTHING OPEN 2007 B"]
[Site "?"]
[Date "2007.07.08"]
[Round "1.28"]
[White "Caquard, Frederic"]
[Black "Dording, Fränz"]
[Result "1-0"]
[WhiteElo "1881"]
[BlackElo "1251"]
[PlyCount "37"]
[EventDate "2007.07.18"]

1. e4 e5 2. Nf3 Nf6 3. Nxe5 d6 4. Nf3 Nxe4 5. d4 Qe7 6. Be3 d5 7. Bd3 Qb4+ 8.
Nbd2 Nxd2 9. Bxd2 Qxb2 10. O-O Nc6 11. Re1+ Be7 12. Bf4 Nxd4 13. Nxd4 Qxd4 14.
Bb5+ Bd7 15. Bxd7+ Kxd7 16. Qxd4 Bf6 17. Qxd5+ Kc8 18. Rad1 Bc3 19. Qd7+ 1-0

[Event "KAUPTHING OPEN 2007 B"]
[Site "?"]
[Date "2007.07.08"]
[Round "1.29"]
[White "Cressa, Luca"]
[Black "Roitzsch, Philippe"]
[Result "0-1"]
[WhiteElo "1250"]
[BlackElo "1874"]
[PlyCount "70"]
[EventDate "2007.07.18"]

1. e4 e5 2. Nf3 Nc6 3. Bc4 Nf6 4. Nc3 Nxe4 5. Nxe4 d5 6. Nc3 dxc4 7. O-O Bd6 8.
d3 cxd3 9. cxd3 Bg4 10. Be3 O-O 11. h3 Bh5 12. Ne4 Kh8 13. Nxd6 cxd6 14. Rc1 f5
15. Bg5 Qe8 16. b4 Nd4 17. Rc7 Bxf3 18. gxf3 Qg6 19. f4 exf4 20. h4 h6 21. Kh1
hxg5 22. Rg1 g4 23. Rxb7 Qh5 24. Kg2 f3+ 25. Kf1 Ne2 26. Rh1 g3 27. Ke1 g2 28.
Kd2 Qh6+ 29. Kc2 Rfc8+ 30. Kb2 Qf6+ 31. Ka3 Rc3+ 32. Ka4 d5 33. Kb5 Nd4+ 34.
Ka5 Ra3+ 35. Qa4 Qa6+ 0-1